[Event "Mistrzostwa Miedzywojewodzkie WP+ZP 2014 - C13"]
[Site "Zerkow"]
[Date "2014.??.??"]
[Round "5.2"]
[White "Raczynski, Krzysztof"]
[Black "Kubiak, Jakub"]
[Result "1/2-1/2"]
[WhiteElo "1814"]
[BlackElo "1705"]
[PlyCount "81"]
[EventDate "2014.??.??"]

1. e4 c5 2. Nf3 d6 3. d4 cxd4 4. Nxd4 Nf6 5. Nc3 a6 6. Bg5 e6 7. f4 h6 8. Bh4
Qb6 9. a3 Nc6 10. Bf2 Qc7 11. Qf3 e5 12. Nxc6 bxc6 13. fxe5 dxe5 14. Bc4 Be7
15. O-O O-O 16. h3 Nh7 17. Bxf7+ Kh8 18. Qh5 Bg5 19. Bc5 Be7 20. Be3 Bg5 21.
Bc5 Be7 22. Bxe7 Qxe7 23. Bb3 Nf6 24. Qe2 a5 25. Kh1 Ba6 26. Bc4 Bxc4 27. Qxc4
Nh5 28. Ne2 Rf6 29. Qc3 Qf7 30. Rxf6 Qxf6 31. Qf3 Qxf3 32. gxf3 Rd8 33. Kg1 Rd2
34. Kf1 Rxc2 35. b4 axb4 36. axb4 Rb2 37. Rc1 Rxb4 38. Rxc6 Rb3 39. Kf2 Rb2 40.
Kf1 Rb3 41. Kf2 1/2-1/2

[Event "Mistrzostwa Miedzywojewodzkie WP+ZP 2014 - C13"]
[Site "Zerkow"]
[Date "2014.??.??"]
[Round "5.3"]
[White "Mietkiewicz, Jacek"]
[Black "Niemier, Hubert"]
[Result "1-0"]
[WhiteElo "1501"]
[BlackElo "1509"]
[PlyCount "77"]
[EventDate "2014.??.??"]

1. d4 d5 2. c4 c6 3. Nc3 dxc4 4. a4 Bg4 5. f3 Bh5 6. e4 e6 7. Bf4 Bb4 8. Bxc4
Ne7 9. Nge2 Nd7 10. O-O O-O 11. Bg5 Nb6 12. Bb3 Qd7 13. a5 Nbc8 14. Nf4 Bg6 15.
Ra4 Bd6 16. e5 Bc7 17. Ne4 Bxe4 18. fxe4 b6 19. Qf3 Re8 20. Nh5 Ng6 21. Nxg7
Bxe5 22. dxe5 Nxe5 23. Qf6 Ng4 24. Nh5 Nxf6 25. Nxf6+ Kg7 26. Nxd7 b5 27. Rd4
h6 28. Bf6+ Kg8 29. e5 h5 30. Rf3 Ne7 31. Bxe7 Rxe7 32. Rg3+ Kh8 33. Rh4 f5 34.
Nf6 Rh7 35. Nxh7 Rg8 36. Rxh5 Rxg3 37. Nf6+ Kg7 38. Rh7+ Kf8 39. hxg3 1-0

[Event "Mistrzostwa Miedzywojewodzkie WP+ZP 2014 - C13"]
[Site "Zerkow"]
[Date "2014.??.??"]
[Round "5.4"]
[White "Pijewski, Milosz"]
[Black "Kukorowski, Jan"]
[Result "0-1"]
[WhiteElo "1528"]
[BlackElo "1483"]
[PlyCount "83"]
[EventDate "2014.??.??"]

1. e4 c5 2. Nf3 g6 3. d4 cxd4 4. Nxd4 Nc6 5. Be3 Nf6 6. Nc3 Bg7 7. Be2 O-O 8.
O-O d5 9. exd5 Nxd5 10. Nxd5 Qxd5 11. Bf3 Qd7 12. Nxc6 bxc6 13. Qxd7 Bxd7 14.
Rad1 Bf5 15. c3 Rfc8 16. Bc5 Bf6 17. Rfe1 Be6 18. a3 a5 19. Be4 Rab8 20. Re2
Bc4 21. Red2 Bd5 22. Bd3 Rb3 23. Re1 Rcb8 24. Bxe7 Bxe7 25. Rxe7 Rxb2 26. Rd1
Ra2 27. c4 Rxa3 28. Bf1 Be6 29. Rc7 a4 30. Rxc6 Ra8 31. Rb6 Rc3 32. Rb4 a3 33.
Ra1 Kg7 34. g3 Rc2 35. Rb3 a2 36. Bd3 Rd2 37. Kf1 Rd8 38. Be2 Rxe2 39. Kxe2
Bxc4+ 40. Ke1 Bxb3 41. Ke2 Rd1 42. Ke3 0-1

[Event "Mistrzostwa Miedzywojewodzkie WP+ZP 2014 - C13"]
[Site "Zerkow"]
[Date "2014.??.??"]
[Round "5.5"]
[White "Bocian, Bartosz"]
[Black "Walkowski, Jonasz"]
[Result "1/2-1/2"]
[WhiteElo "1400"]
[BlackElo "1425"]
[PlyCount "98"]
[EventDate "2014.??.??"]

1. e4 e6 2. d4 d5 3. e5 c5 4. Qg4 Nc6 5. Nf3 Nge7 6. Bd3 cxd4 7. Nbd2 Ng6 8.
Qg3 Qc7 9. Bxg6 hxg6 10. Nb3 Bd7 11. Nbxd4 Nxd4 12. Nxd4 Qc4 13. Qd3 Bb4+ 14.
Bd2 Qxd3 15. cxd3 Bc5 16. Be3 Bb6 17. Rc1 Ke7 18. Ke2 Rh5 19. Nf3 Bxe3 20. Kxe3
Bc6 21. h3 f6 22. d4 Rhh8 23. Rc5 Rac8 24. Rhc1 Kd7 25. b4 b6 26. R5c3 Bb7 27.
Rxc8 Rxc8 28. Rxc8 Bxc8 29. b5 a5 30. a4 Ke7 31. Nh4 Kf7 32. f4 g5 33. fxg5
fxg5 34. Nf3 Kg6 35. g4 Bd7 36. Nd2 Kh6 37. Kd3 Be8 38. Kc3 Bd7 39. Kb2 Kg6 40.
Kc3 Kf7 41. Nf3 Kg6 42. Nd2 Bc8 43. Nf3 Kh6 44. Nd2 Kh7 45. Nf3 Kg6 46. Nd2 Kh7
47. Nf3 Kg6 48. Nd2 Kh7 49. Kb2 Kg6 1/2-1/2

[Event "Mistrzostwa Miedzywojewodzkie WP+ZP 2014 - C13"]
[Site "Zerkow"]
[Date "2014.??.??"]
[Round "5.8"]
[White "Rucinski, Jedrzej"]
[Black "Kaminski, Antoni"]
[Result "0-1"]
[WhiteElo "1396"]
[BlackElo "1323"]
[PlyCount "96"]
[EventDate "2014.??.??"]

1. d4 d5 2. c4 e6 3. Nc3 Nf6 4. Nf3 Bb4 5. Bd2 O-O 6. a3 Bxc3 7. Bxc3 b6 8. e3
Bb7 9. Bd3 Nbd7 10. O-O Re8 11. h3 Nf8 12. Qc2 Rc8 13. Rad1 h6 14. Rfe1 c5 15.
dxc5 Rxc5 16. b4 Rc7 17. Ne5 Qc8 18. Bd4 dxc4 19. Nxc4 Bd5 20. Rc1 Bxc4 21.
Bxc4 b5 22. Qe2 Rxc4 23. Rxc4 Qxc4 24. Qf3 e5 25. Bxa7 Qb3 26. Qb7 Qxa3 27. Bc5
Qc3 28. Rf1 Qc4 29. Qc6 Ne6 30. Rd1 Nxc5 31. bxc5 Re6 32. Qa8+ Kh7 33. Qa1 Qxc5
34. Qb1+ g6 35. Rc1 Qb6 36. g4 Kg7 37. Kh2 Rc6 38. Rg1 e4 39. g5 hxg5 40. Rxg5
Qc7+ 41. Kg2 Rc5 42. Rg3 Qb6 43. h4 b4 44. Qb2 b3 45. Kh1 Rc2 46. Qb1 b2 47.
Rg1 Rxf2 48. Re1 Qd6 0-1

[Event "Mistrzostwa Miedzywojewodzkie WP+ZP 2014 - C13"]
[Site "Zerkow"]
[Date "2014.??.??"]
[Round "6.1"]
[White "Leskiewicz, Ignacy"]
[Black "Mietkiewicz, Jacek"]
[Result "1-0"]
[WhiteElo "1702"]
[BlackElo "1501"]
[PlyCount "59"]
[EventDate "2014.??.??"]

1. e4 c6 2. d4 d5 3. exd5 cxd5 4. Bd3 g6 5. Bf4 Bg7 6. c3 Nf6 7. Nd2 O-O 8.
Ngf3 Bf5 9. Bxf5 gxf5 10. h3 Nc6 11. Ne5 Qb6 12. Qb1 e6 13. g4 Ne7 14. Nb3 Qb5
15. Qc2 b6 16. Rg1 Kh8 17. f3 Rac8 18. O-O-O Nc6 19. Nxc6 Rxc6 20. gxf5 exf5
21. Qxf5 Qe2 22. Be5 Qe3+ 23. Kb1 Qh6 24. Rg5 Rg8 25. Rdg1 Re6 26. Nc1 b5 27.
Nd3 Rc6 28. Nb4 Re6 29. Qf4 Nh5 30. Qxf7 1-0

[Event "Mistrzostwa Miedzywojewodzkie WP+ZP 2014 - C13"]
[Site "Zerkow"]
[Date "2014.??.??"]
[Round "6.2"]
[White "Kubiak, Jakub"]
[Black "Kukorowski, Jan"]
[Result "1-0"]
[WhiteElo "1705"]
[BlackElo "1483"]
[PlyCount "39"]
[EventDate "2014.??.??"]

1. e4 c5 2. Nf3 g6 3. d4 cxd4 4. Nxd4 Nc6 5. Nc3 Bg7 6. Be3 Nf6 7. Nxc6 bxc6 8.
e5 Ng8 9. Bd4 Nh6 10. e6 Bxd4 11. Qxd4 O-O 12. exd7 Bxd7 13. O-O-O Be6 14. Qf4
Qb6 15. Qxh6 Rab8 16. b3 Qxf2 17. Ne4 Qb6 18. Ng5 Qe3+ 19. Kb1 Rxb3+ 20. axb3
1-0

[Event "Mistrzostwa Miedzywojewodzkie WP+ZP 2014 - C13"]
[Site "Zerkow"]
[Date "2014.??.??"]
[Round "6.3"]
[White "Sniezek, Kacper"]
[Black "Raczynski, Krzysztof"]
[Result "0-1"]
[WhiteElo "1389"]
[BlackElo "1814"]
[PlyCount "78"]
[EventDate "2014.??.??"]

1. c4 Nf6 2. Nc3 g6 3. g3 Bg7 4. Bg2 O-O 5. Nf3 d6 6. O-O Nc6 7. d3 e5 8. a3 a5
9. Bd2 h6 10. Ne1 Ne7 11. Nc2 c6 12. b4 axb4 13. Nxb4 Be6 14. Qc1 Kh7 15. Qb2
Qd7 16. a4 Bh3 17. a5 Bxg2 18. Kxg2 Nh5 19. e4 f5 20. f3 g5 21. Na4 Qe6 22. Nc2
fxe4 23. fxe4 Qg4 24. Nc3 Rab8 25. Ne3 Qd7 26. Na4 Nf4+ 27. gxf4 exf4 28. Bc3
Bxc3 29. Nxc3 fxe3 30. Qe2 d5 31. cxd5 cxd5 32. Qxe3 dxe4 33. Qxe4+ Ng6 34.
Rxf8 Rxf8 35. Rb1 Rf7 36. Rb6 Qxd3 37. Rxb7 Qxe4+ 38. Nxe4 Rxb7 39. Nc5 Rb5 0-1

[Event "Mistrzostwa Miedzywojewodzkie WP+ZP 2014 - C13"]
[Site "Zerkow"]
[Date "2014.??.??"]
[Round "6.4"]
[White "Dabrowski, Damian"]
[Black "Walkowski, Jonasz"]
[Result "1-0"]
[WhiteElo "1632"]
[BlackElo "1425"]
[PlyCount "113"]
[EventDate "2014.??.??"]

1. e4 e6 2. d4 d5 3. Nd2 dxe4 4. Nxe4 Nf6 5. Nxf6+ Qxf6 6. Nf3 h6 7. Be3 Bd6 8.
Bd3 Bd7 9. Nd2 Qe7 10. c3 f5 11. Qh5+ Qf7 12. Qxf7+ Kxf7 13. f4 Bc6 14. Rg1 g6
15. O-O-O g5 16. g3 g4 17. Nc4 Nd7 18. Ne5+ Nxe5 19. dxe5 Be7 20. Be2 h5 21.
Bf1 h4 22. Bg2 Bxg2 23. Rxg2 hxg3 24. hxg3 b6 25. Kd2 Rad8+ 26. Ke1 Rxd1+ 27.
Kxd1 Rh1+ 28. Kc2 Rh3 29. Bg1 a5 30. Bh2 Bc5 31. b3 Ke7 32. Kb2 Kd7 33. c4 Kc6
34. a4 Bd4+ 35. Kc2 Kc5 36. Re2 Kb4 37. Rg2 c6 38. Rd2 Bc5 39. Re2 b5 40. cxb5
cxb5 41. axb5 Kxb5 42. Kb2 Bd4+ 43. Kc2 Kc5 44. Kd3 Kd5 45. Ra2 Bg1 46. Bxg1
Rxg3+ 47. Be3 Rf3 48. Rxa5+ Kc6 49. Ra6+ Kd7 50. Ra7+ Kc6 51. Re7 Rh3 52. Rxe6+
Kd7 53. Rg6 g3 54. b4 Ke7 55. b5 Kf7 56. Rg5 Rh8 57. Rxg3 1-0

[Event "Mistrzostwa Miedzywojewodzkie WP+ZP 2014 - C13"]
[Site "Zerkow"]
[Date "2014.??.??"]
[Round "6.5"]
[White "Niemier, Hubert"]
[Black "Bocian, Bartosz"]
[Result "0-1"]
[WhiteElo "1509"]
[BlackElo "1400"]
[PlyCount "61"]
[EventDate "2014.??.??"]

1. d4 d5 2. c4 e5 3. dxe5 d4 4. Nf3 Nc6 5. a3 Bg4 6. e3 Nxe5 7. exd4 Nxf3+ 8.
gxf3 Qe7+ 9. Be3 Bh5 10. Nc3 O-O-O 11. Bh3+ Kb8 12. Bg4 Bg6 13. Qd2 f5 14.
O-O-O fxg4 15. fxg4 Nf6 16. f3 a6 17. g5 Ne8 18. d5 Nd6 19. Bc5 Qf7 20. b3 Nxc4
21. bxc4 Bxc5 22. Kb2 Rhe8 23. Na4 Be3 24. Qg2 Qf5 25. h4 Qf4 26. Kb3 Bd4 27.
h5 Bf5 28. Rhf1 Qe3+ 29. Ka2 Bd3 30. Nb2 Bxf1 31. Qxf1 0-1

[Event "Mistrzostwa Miedzywojewodzkie WP+ZP 2014 - C13"]
[Site "Zerkow"]
[Date "2014.??.??"]
[Round "6.7"]
[White "Kaminski, Antoni"]
[Black "Dixa, Wiktor"]
[Result "1/2-1/2"]
[WhiteElo "1323"]
[BlackElo "1187"]
[PlyCount "77"]
[EventDate "2014.??.??"]

1. e4 c5 2. Nc3 d6 3. Bb5+ Bd7 4. Bxd7+ Nxd7 5. f4 Ngf6 6. Nf3 e6 7. d3 Be7 8.
O-O O-O 9. Ne2 Rc8 10. Ng3 h6 11. f5 Nh7 12. c3 Ng5 13. Nxg5 Bxg5 14. fxe6 fxe6
15. Qg4 Rxf1+ 16. Nxf1 Kf7 17. Bxg5 Qxg5 18. Qxg5 hxg5 19. Kf2 Ne5 20. Ke2 d5
21. Ng3 Rh8 22. Rh1 Ng6 23. d4 cxd4 24. cxd4 Nf4+ 25. Kf3 Nd3 26. exd5 exd5 27.
b3 Nb4 28. h3 Rc8 29. Ne2 Rc2 30. Rc1 Rxc1 31. Nxc1 Nc2 32. Ne2 a5 33. g4 Nb4
34. Nc1 Nc2 35. Ne2 Ke6 36. a4 Na1 37. Nc1 Nc2 38. Ne2 Na1 39. Nc1 1/2-1/2

[Event "Mistrzostwa Miedzywojewodzkie WP+ZP 2014 - C13"]
[Site "Zerkow"]
[Date "2014.??.??"]
[Round "7.1"]
[White "Bocian, Bartosz"]
[Black "Leskiewicz, Ignacy"]
[Result "0-1"]
[WhiteElo "1400"]
[BlackElo "1702"]
[PlyCount "88"]
[EventDate "2014.??.??"]

1. Nf3 d5 2. e3 Nf6 3. b3 e6 4. Bb2 Bd6 5. Be2 Nbd7 6. d4 c6 7. Ne5 Ne4 8. O-O
Nxe5 9. dxe5 Bc5 10. Nd2 Nxd2 11. Qxd2 Qb6 12. Bd4 Bxd4 13. exd4 Bd7 14. f4 c5
15. c3 cxd4 16. cxd4 Rc8 17. Rac1 O-O 18. g4 Rxc1 19. Rxc1 Rc8 20. Rxc8+ Bxc8
21. Qc3 Bd7 22. h4 Kf8 23. h5 h6 24. Bd3 f6 25. Kg2 Ke7 26. Kf3 fxe5 27. fxe5
Kd8 28. Kf4 Qc7 29. Qxc7+ Kxc7 30. g5 Kb6 31. g6 Bb5 32. Ke3 Bd7 33. a3 Ka5 34.
Kd2 a6 35. Kc2 Kb6 36. Kb2 a5 37. a4 Ka7 38. Kc1 b5 39. Bc2 Kb6 40. Kb2 Bc8 41.
Bd3 Ba6 42. Ka2 bxa4 43. Bxa6 axb3+ 44. Kxb3 Kxa6 0-1

[Event "Mistrzostwa Miedzywojewodzkie WP+ZP 2014 - C13"]
[Site "Zerkow"]
[Date "2014.??.??"]
[Round "7.2"]
[White "Mietkiewicz, Jacek"]
[Black "Kubiak, Jakub"]
[Result "1/2-1/2"]
[WhiteElo "1501"]
[BlackElo "1705"]
[PlyCount "87"]
[EventDate "2014.??.??"]

1. d4 Nf6 2. c4 g6 3. Nc3 Bg7 4. e4 d6 5. Bg5 O-O 6. h3 Nbd7 7. Bd3 Qe8 8. Nb5
Qd8 9. Ne2 a6 10. Nbc3 Qe8 11. O-O e5 12. d5 h6 13. Be3 Nh5 14. Qd2 g5 15. b4
Nf4 16. Ng3 Nf6 17. Kh2 h5 18. Be2 h4 19. Nh1 Qd7 20. f3 N6h5 21. Nf2 Ng3 22.
Rfe1 f5 23. Bd3 Qf7 24. Rac1 Qh5 25. c5 g4 26. Bxf4 exf4 27. exf5 gxf3 28. Qxf4
Bh6 29. Qg4+ Qxg4 30. hxg4 Bxc1 31. Rxc1 fxg2 32. Kxg2 Kf7 33. cxd6 cxd6 34.
Nfe4 Nxe4 35. Nxe4 Rd8 36. Rc7+ Rd7 37. Nxd6+ Kf6 38. Rxc8 Rxc8 39. Nxc8 Rxd5
40. Be4 Rd4 41. Bxb7 Rxg4+ 42. Kh3 Rxb4 43. Bxa6 Ra4 44. Bb5 1/2-1/2

[Event "Mistrzostwa Miedzywojewodzkie WP+ZP 2014 - C13"]
[Site "Zerkow"]
[Date "2014.??.??"]
[Round "7.3"]
[White "Kukorowski, Jan"]
[Black "Raczynski, Krzysztof"]
[Result "0-1"]
[WhiteElo "1483"]
[BlackElo "1814"]
[PlyCount "94"]
[EventDate "2014.??.??"]

1. e4 d6 2. d4 Nf6 3. Nc3 g6 4. f4 Bg7 5. h3 O-O 6. Nf3 Na6 7. Be3 c5 8. Bxa6
cxd4 9. Bxd4 bxa6 10. O-O Be6 11. Nd2 Ne8 12. Bxg7 Nxg7 13. Nb3 Bc4 14. Re1 Rb8
15. Qf3 a5 16. Rad1 Qb6+ 17. Kh1 Qa6 18. Rb1 Rfc8 19. Nd2 e6 20. Nxc4 Qxc4 21.
Qd3 Qxd3 22. cxd3 Nh5 23. f5 gxf5 24. exf5 Ng3+ 25. Kh2 Nxf5 26. g4 Nd4 27. Kg3
d5 28. Ne2 Nxe2+ 29. Rxe2 a4 30. Rf1 a3 31. bxa3 Rc3 32. Rf3 Rxa3 33. Ref2 Rb7
34. Kh4 Rc3 35. Kh5 Kg7 36. h4 Rc6 37. Rf6 Rc3 38. R6f3 a5 39. d4 Rxf3 40. Rxf3
Rb4 41. Rd3 Rb2 42. a3 a4 43. g5 Rb3 44. Rd2 Rxa3 45. Kg4 Ra1 46. h5 h6 47. Rf2
Rg1+ 0-1

[Event "Mistrzostwa Miedzywojewodzkie WP+ZP 2014 - C13"]
[Site "Zerkow"]
[Date "2014.??.??"]
[Round "7.4"]
[White "Pijewski, Milosz"]
[Black "Dabrowski, Damian"]
[Result "1-0"]
[WhiteElo "1528"]
[BlackElo "1632"]
[PlyCount "97"]
[EventDate "2014.??.??"]

1. e4 e6 2. Nf3 d5 3. exd5 exd5 4. d4 Bd6 5. Bd3 Ne7 6. O-O O-O 7. c3 Bf5 8.
Qc2 Bxd3 9. Qxd3 Nbc6 10. Be3 Qd7 11. Nbd2 Nf5 12. Rfe1 Nxe3 13. fxe3 Rfe8 14.
e4 dxe4 15. Rxe4 Rxe4 16. Nxe4 Re8 17. Re1 a6 18. Re2 Nd8 19. Nfg5 f5 20. Nxd6
Rxe2 21. Qxe2 cxd6 22. Kf2 h6 23. Nf3 Kf7 24. Qc4+ Kf6 25. Qd5 Ne6 26. g3 Qc6
27. Qxc6 bxc6 28. Nd2 d5 29. Nf3 c5 30. b4 cxb4 31. cxb4 Nc7 32. a4 g5 33. Ne5
f4 34. Kf3 Kf5 35. gxf4 gxf4 36. Nc6 h5 37. h4 Na8 38. Ne7+ Ke6 39. Ng6 Nb6 40.
Nxf4+ Kd6 41. a5 Nc8 42. Nxh5 Ne7 43. Kg4 Nc6 44. Nf4 Nxd4 45. h5 Ke5 46. h6
Kf6 47. Nxd5+ Kg6 48. Nc7 Kxh6 49. Nxa6 1-0

[Event "Mistrzostwa Miedzywojewodzkie WP+ZP 2014 - C13"]
[Site "Zerkow"]
[Date "2014.??.??"]
[Round "7.5"]
[White "Kaminski, Antoni"]
[Black "Sniezek, Kacper"]
[Result "1/2-1/2"]
[WhiteElo "1323"]
[BlackElo "1389"]
[PlyCount "108"]
[EventDate "2014.??.??"]

1. e4 c5 2. Nc3 Nc6 3. f4 g6 4. Nf3 Bg7 5. Bb5 Nd4 6. a4 a6 7. Bc4 d6 8. O-O
Bg4 9. Bxf7+ Kf8 10. Bxg8 Kxg8 11. d3 Nxf3+ 12. gxf3 Bh3 13. Rf2 Bd4 14. Ne2
Bxf2+ 15. Kxf2 Kg7 16. b3 Rg8 17. f5 e6 18. Nf4 Qh4+ 19. Ke2 gxf5 20. Qe1 Qxe1+
21. Kxe1 fxe4 22. Nxh3 exd3 23. cxd3 Rgf8 24. Ke2 b5 25. Bb2+ e5 26. f4 h6 27.
axb5 axb5 28. fxe5 Rxa1 29. exd6+ Kf7 30. Bxa1 Ra8 31. Be5 Re8 32. d4 cxd4 33.
Kd3 Rxe5 34. Kxd4 Rh5 35. Nf4 Rh4 36. Ke3 Rxh2 37. Nd5 Ke6 38. Nc7+ Kxd6 39.
Nxb5+ Kc5 40. Nc7 Rh3+ 41. Kf4 Kb4 42. Nd5+ Kxb3 43. Ne3 Kc3 44. Ng4 Kd4 45.
Nf6 Rh1 46. Kg3 Ke5 47. Kg2 Rh4 48. Kg3 Rh1 49. Kg2 Ra1 50. Ng4+ Kf4 51. Nxh6
Ra2+ 52. Kh3 Kf3 53. Kh4 Ra4+ 54. Kh5 Ra6 1/2-1/2

[Event "Mistrzostwa Miedzywojewodzkie WP+ZP 2014 - C13"]
[Site "Zerkow"]
[Date "2014.??.??"]
[Round "7.8"]
[White "Walkowski, Jonasz"]
[Black "Rucinski, Jedrzej"]
[Result "1-0"]
[WhiteElo "1425"]
[BlackElo "1396"]
[PlyCount "71"]
[EventDate "2014.??.??"]

1. Nf3 Nf6 2. g3 d5 3. Bg2 Nc6 4. O-O Bf5 5. d3 e6 6. Nbd2 Bd6 7. c4 O-O 8. b3
Re8 9. Bb2 h6 10. cxd5 exd5 11. Nd4 Nxd4 12. Bxd4 c6 13. Nf3 Nd7 14. Bb2 Qe7
15. e3 Ne5 16. Bxe5 Bxe5 17. Nxe5 Qxe5 18. d4 Qd6 19. Qd2 Qc7 20. Rfc1 Rab8 21.
Bxd5 Qd6 22. Bg2 Rbd8 23. Qa5 Be6 24. Qc5 Qd7 25. b4 Rc8 26. a4 a6 27. Rc3 Qd8
28. a5 Rb8 29. Rac1 Bd7 30. Qd6 Qe7 31. Qxe7 Rxe7 32. d5 Ree8 33. dxc6 bxc6 34.
Bxc6 Bxc6 35. Rxc6 Rxb4 36. Rxa6 1-0

[Event "Mistrzostwa Miedzywojewodzkie WP+ZP 2014 - C13"]
[Site "Zerkow"]
[Date "2014.??.??"]
[Round "8.1"]
[White "Leskiewicz, Ignacy"]
[Black "Pijewski, Milosz"]
[Result "1/2-1/2"]
[WhiteElo "1702"]
[BlackElo "1528"]
[PlyCount "94"]
[EventDate "2014.??.??"]

1. e4 c6 2. d4 d5 3. exd5 cxd5 4. Bd3 Nc6 5. c3 Nf6 6. Bf4 Bg4 7. Qb3 Qc8 8.
Nd2 e6 9. Ngf3 Be7 10. O-O O-O 11. Rfe1 a6 12. a4 a5 13. h3 Bh5 14. Rac1 Bg6
15. Bxg6 hxg6 16. Ne5 Nxe5 17. dxe5 Nd7 18. Qc2 b6 19. c4 dxc4 20. Qxc4 Nc5 21.
Ne4 Qd7 22. Red1 Qxa4 23. Qxa4 Nxa4 24. Rc7 Nc5 25. Nd6 Bd8 26. Rc6 Ra7 27. Nb5
Rd7 28. Rcd6 Rxd6 29. Rxd6 Na4 30. b3 Nc5 31. Nd4 Nd3 32. Nxe6 fxe6 33. Rxd3
Rxf4 34. Rxd8+ Kf7 35. f3 Rb4 36. Rd7+ Kf8 37. Rd3 b5 38. Kf2 a4 39. bxa4 bxa4
40. Ra3 Rb5 41. Rxa4 Rxe5 42. Re4 Rxe4 43. fxe4 Kf7 44. e5 g5 45. Kf3 Kg6 46.
Kg4 Kh6 47. g3 Kg6 1/2-1/2

[Event "Mistrzostwa Miedzywojewodzkie WP+ZP 2014 - C13"]
[Site "Zerkow"]
[Date "2014.??.??"]
[Round "8.2"]
[White "Raczynski, Krzysztof"]
[Black "Mietkiewicz, Jacek"]
[Result "0-1"]
[WhiteElo "1814"]
[BlackElo "1501"]
[PlyCount "70"]
[EventDate "2014.??.??"]

1. e4 e6 2. d4 d5 3. e5 c5 4. c3 Nc6 5. Nf3 Qb6 6. a3 Nh6 7. b4 cxd4 8. cxd4
Nf5 9. Bb2 Be7 10. Qd3 Bd7 11. Nbd2 Rc8 12. Rb1 O-O 13. g4 Nh4 14. Nxh4 Bxh4
15. Nf3 Be7 16. Qd1 a6 17. Bd3 Na7 18. O-O Bb5 19. Ne1 a5 20. a4 Bxd3 21. bxa5
Qxa5 22. Nxd3 Rc4 23. Ra1 Nc6 24. f4 Nxd4 25. f5 Qb6 26. f6 gxf6 27. exf6 Bd6
28. Kh1 Nc2 29. Rf3 Nxa1 30. Qd2 Rxg4 31. Rf2 Kh8 32. Qd1 Rfg8 33. Bxa1 Qe3 34.
Rf1 Qe4+ 35. Qf3 Qxf3+ 0-1

[Event "Mistrzostwa Miedzywojewodzkie WP+ZP 2014 - C13"]
[Site "Zerkow"]
[Date "2014.??.??"]
[Round "8.3"]
[White "Kubiak, Jakub"]
[Black "Dabrowski, Damian"]
[Result "0-1"]
[WhiteElo "1705"]
[BlackElo "1632"]
[PlyCount "54"]
[EventDate "2014.??.??"]

1. e4 e5 2. Nf3 Nf6 3. Nxe5 d6 4. Nf3 Nxe4 5. d4 d5 6. h3 Nc6 7. Bd3 Be7 8. O-O
O-O 9. c3 Bf5 10. Bf4 Qd7 11. Bb5 f6 12. c4 a6 13. Bxc6 Qxc6 14. cxd5 Qxd5 15.
Bxc7 Rac8 16. Bf4 g5 17. Be3 g4 18. Nh4 gxh3 19. Qf3 Be6 20. gxh3 Kh8 21. Ng2
Rg8 22. Kh1 Bd6 23. Bf4 Qf5 24. Re1 Bd5 25. Rg1 Ng3+ 26. Qxg3 Rxg3 27. Bxg3
Qxh3+ 0-1

[Event "Mistrzostwa Miedzywojewodzkie WP+ZP 2014 - C13"]
[Site "Zerkow"]
[Date "2014.??.??"]
[Round "8.4"]
[White "Kukorowski, Jan"]
[Black "Walkowski, Jonasz"]
[Result "1-0"]
[WhiteElo "1483"]
[BlackElo "1425"]
[PlyCount "56"]
[EventDate "2014.??.??"]

1. e4 e6 2. d4 d5 3. e5 c5 4. c3 Nc6 5. Nf3 Qb6 6. a3 Nge7 7. b4 cxb4 8. axb4
Bd7 9. Bd3 Ng6 10. O-O Be7 11. Be3 O-O 12. Nbd2 f5 13. exf6 Bxf6 14. Nb3 Be7
15. Re1 Qc7 16. Bxg6 hxg6 17. Qd3 Be8 18. Bg5 Bf7 19. Bxe7 Qxe7 20. Ne5 Nxe5
21. Rxe5 b6 22. Rae1 Qf6 23. Nd2 Rac8 24. Nf3 Rfd8 25. Ng5 Rc6 26. Qh3 Kf8 27.
Nh7+ Ke7 28. Nxf6 gxf6 1-0

[Event "Mistrzostwa Miedzywojewodzkie WP+ZP 2014 - C13"]
[Site "Zerkow"]
[Date "2014.??.??"]
[Round "8.5"]
[White "Bocian, Bartosz"]
[Black "Kaminski, Antoni"]
[Result "1-0"]
[WhiteElo "1400"]
[BlackElo "1323"]
[PlyCount "64"]
[EventDate "2014.??.??"]

1. b4 b6 2. Bb2 Bb7 3. e3 e6 4. a3 Nf6 5. Nf3 Be7 6. Be2 O-O 7. O-O d6 8. c4
Nbd7 9. d4 c5 10. dxc5 bxc5 11. Nc3 a6 12. Nd2 Rc8 13. Nb3 Nb6 14. b5 Ra8 15.
Na5 Qc7 16. a4 Rfd8 17. Qc2 d5 18. Rfd1 Rd7 19. Rd2 Nxc4 20. Nxc4 dxc4 21. Rxd7
Qxd7 22. Bxc4 Qc7 23. Rd1 Ng4 24. g3 Qe5 25. Nd5 Qh5 26. Nxe7+ Kf8 27. h4 Kxe7
28. bxa6 Bxa6 29. Bxa6 Rxa6 30. Qd3 Qd5 31. Qe2 Qb3 32. Qxg4 Qxb2 {Zapis
nieczytelny} 1-0

[Event "Mistrzostwa Miedzywojewodzkie WP+ZP 2014 - C13"]
[Site "Zerkow"]
[Date "2014.??.??"]
[Round "8.6"]
[White "Sniezek, Kacper"]
[Black "Dixa, Wiktor"]
[Result "1-0"]
[WhiteElo "1389"]
[BlackElo "1187"]
[PlyCount "75"]
[EventDate "2014.??.??"]

1. c4 e5 2. Nc3 Nc6 3. g3 Nf6 4. Bg2 Bc5 5. Nf3 O-O 6. O-O d6 7. d3 h6 8. a3
Be6 9. b4 Bb6 10. Bd2 e4 11. Ne1 exd3 12. exd3 a6 13. Be3 Bxe3 14. fxe3 Bd7 15.
Nd5 Nxd5 16. Bxd5 Qe7 17. Ng2 Bh3 18. Re1 Nd8 19. Nf4 Bd7 20. Ng6 Qg5 21. Nxf8
Kxf8 22. Qd2 c6 23. Bg2 Ne6 24. Rf1 Nc7 25. Qf2 Be6 26. Bh3 Qg6 27. Bxe6 Qxe6
28. e4 d5 29. exd5 cxd5 30. Rae1 Qd7 31. Qc5+ Kg8 32. Re7 Qg4 33. Rxc7 Re8 34.
Rcxf7 Re2 35. Qf8+ Kh7 36. Rxg7+ Qxg7 37. Rf7 Qxf7 38. Qxf7+ 1-0

[Event "Mistrzostwa Miedzywojewodzkie WP+ZP 2014 - C13"]
[Site "Zerkow"]
[Date "2014.??.??"]
[Round "9.1"]
[White "Dabrowski, Damian"]
[Black "Leskiewicz, Ignacy"]
[Result "0-1"]
[WhiteElo "1632"]
[BlackElo "1702"]
[PlyCount "38"]
[EventDate "2014.??.??"]

1. e4 c5 2. Nf3 d6 3. d4 cxd4 4. Nxd4 Nf6 5. Nc3 a6 6. Bg5 e6 7. f4 h6 8. Bh4
Be7 9. Bf2 Nbd7 10. Qe2 Qc7 11. O-O-O b5 12. a3 Bb7 13. g4 Nb6 14. Bg2 d5 15.
e5 Nfd7 16. Bg3 Bxa3 17. bxa3 Qxc3 18. Rd3 Qa1+ 19. Kd2 Nc4# 0-1

[Event "Mistrzostwa Miedzywojewodzkie WP+ZP 2014 - C13"]
[Site "Zerkow"]
[Date "2014-09-25"]
[Round "9.2"]
[White "Raczynski, Krzysztof"]
[Black "Bocian, Bartosz"]
[Result "1-0"]
[WhiteTitle "I+"]
[BlackTitle "II"]
[WhiteElo "1814"]
[BlackElo "1400"]

1.e4 e5 2.Nf3 Nc6 3.Bb5 f5 4.Nc3 fxe4 5.Nxe4 d5 6.Nxe5 dxe4 7.Nxc6
Qg5 8.Qe2 Nf6 9.f4 Qxf4 10.d4 Qd6 11.Ne5+ c6 12.Bc4 Be6 13.Bf4
Be7 14.c3 Bxc4 15.Qxc4 Qd5 16.O-O O-O 17.Rae1 Rad8 18.h3 Nh5
19.Be3 Bh4 20.Bf2 Bxf2+ 21.Rxf2 Rxf2 22.Kxf2 Rf8+ 23.Kg1 Ng3
24.Qb3 b6 25.Nxc6 Qxb3 26.axb3 Rf7 27.Re3 Rf1+ 28.Kh2 Rf6 29.Kxg3
Rxc6 30.Rxe4 Rf6 31.d5 Rd6 32.c4 b5 33.Rd4 bxc4 34.bxc4 Rb6 35.d6 1-0

[Event "Mistrzostwa Miedzywojewodzkie WP+ZP 2014 - C13"]
[Site "Zerkow"]
[Date "2014.??.??"]
[Round "9.3"]
[White "Mietkiewicz, Jacek"]
[Black "Pijewski, Milosz"]
[Result "1-0"]
[WhiteElo "1501"]
[BlackElo "1528"]
[PlyCount "51"]
[EventDate "2014.??.??"]

1. d4 Nf6 2. c4 e6 3. Nc3 Bb4 4. f3 d5 5. a3 Bxc3+ 6. bxc3 c6 7. Qc2 O-O 8. e4
Qc7 9. e5 Nfd7 10. Bd3 g6 11. Bh6 Re8 12. Ne2 b6 13. cxd5 exd5 14. Qd2 Ba6 15.
Bc2 Bc4 16. O-O c5 17. f4 Nc6 18. Rf2 Rac8 19. Ng3 cxd4 20. cxd4 b5 21. f5 Nf8
22. Nh5 Red8 23. Nf6+ Kh8 24. Bxf8 Rxf8 25. Qh6 Nxd4 26. Qxh7# 1-0

[Event "Mistrzostwa Miedzywojewodzkie WP+ZP 2014 - C13"]
[Site "Zerkow"]
[Date "2014-09-25"]
[Round "9.6"]
[White "Rucinski, Jedrzej"]
[Black "Sniezek, Kacper"]
[Result "1-0"]
[WhiteTitle "III"]
[BlackTitle "II"]
[WhiteElo "1396"]
[BlackElo "1389"]

1.d4 d5 2.c4 e6 3.Nc3 Nf6 4.Nf3 Bb4 5.Bd2 O-O 6.a3 Bxc3 7.Bxc3
Nbd7 8.e3 dxc4 9.Bxc4 Nb6 10.Bb3 Nbd5 11.Qd3 c6 12.Bxd5 exd5
13.O-O Be6 14.h3 Qc7 15.Rfe1 Ne4 16.Nd2 Bf5 17.Nxe4 Bxe4 18.Qe2
Rfe8 19.f3 Bg6 20.Qf2 f5 21.Rac1 Re6 22.Re2 Rae8 23.Rce1 Qb6
24.Qg3 Qd8 25.Qf4 h6 26.Qg3 Bh7 27.Bd2 Qf6 28.Qf2 g5 29.Kh1 Kh8
30.Bc3 Qe7 31.Bb4 Qf7 32.Bc3 Rg8 33.Bd2 Qh5 34.Kg1 g4 35.fxg4
fxg4 36.hxg4 Qxg4 37.Qf7 Be4 38.Qf1 Bd3 39.Bc3 Reg6 40.e4 Bxe2
41.Rxe2 Qd7 42.Qf3 Rg3 43.Qf6+ Qg7 44.Qf1 Rf8 45.Qe1 Rg5 46.Bd2
Rg4 47.Bc3 Qd7 48.e5 Qe6 49.Bb4 Rf7 50.Rf2 Rxd4 51.Rxf7 Qxf7
52.e6 Qe8 53.Qe5+ Kh7 54.Qxd4 b6 55.Bc3 Qe7 56.Qh8+ Kg6 57.Qg8+
Kf5 58.Qf7+ Qxf7 59.exf7 1-0